00695 a2200217 4500502002400000260001500024653001400039100003700053041000700090260003100097300001100128245011400139300002900253260002000282130000700302040001400309041000700323653004000330100008900370020001800459 aThèse de Doctorat aWageningen1 aAgronomie aCERVANTES-CARRILLO, J. Francisco bEn bUniversité de Wageningen a162 p. aQuinones as electron acceptors and redox mediators for the anaerobic biotransformation of priority pollutants bIll., Couv. ill. ; 24 cm c14 Janvier 2002 lEn aSupport  bEn 1aNutrition et Sciences Alimentaires  uAbomey-Calavi, Université d'Abomey-Calavi, Faculté des Sciences Agronomiques, Bj a90-5808-567-8